| 000 | 00604nam a22001937a 4500 | ||
|---|---|---|---|
| 999 |
_c9566 _d9566 |
||
| 003 | AR-CdUCM | ||
| 008 | 190328b ||||| |||| 00| 0 spa d | ||
| 040 |
_aMUNICIPALIDAD PROVINCIAL DEL CUSCO _cBIBLIOTECA MUNICIPAL DEL CUSCO |
||
| 082 |
_aC /861.437 / _bM58L |
||
| 100 |
_aMillares Carlo, Agustin _911112 |
||
| 245 | _aLope Felix de Vega Carpio / | ||
| 260 |
_aMéxico : _bSecretaria de Educacion Publica , _c1947. |
||
| 300 |
_a81 páginas ; _c19.3 cm. |
||
| 650 |
_aPoesia Lirica _925850 |
||
| 650 |
_aPoesia Española _9158 |
||
| 650 |
_aPoesia Hispana _92509 |
||
| 942 |
_2ddc _cLIBROS |
||
| 945 | _artm | ||